000 00761nam a2200217Ii 4500
003 JO-AjNU
008 230605s9999||||xx |||||||||||||| ||und||
017 _a2000/3270
040 _aJO-AjNU
_bara
_erda
_cJO-AjNU
041 _aara
050 1 4 _aBP87.5 2000
100 3 _aسعد، طه عبد الرؤوف ؛ م.مشارك: سعد حسن محمد علي,
_eauthor
_920996
245 0 0 _a300قصة من قصص الصالحين والصالحات لتهذيب النفوس وترقيق القلوب
250 _aط1
264 3 1 _aالقاهرة: مكتبة الصفا، 2000
300 _a176ص
336 _atext
_btxt
_2rdacontent
337 _aunmediated
_bn
_2rdamedia
338 _avolume
_bnc
_2rdacarrier
650 4 _aالقصص الدينية
_920997
999 _aA7220
_c10788
_d10788